| Tag |
First Indicator |
Second Indicator |
Subfields |
| LEADER |
00000cam a2200000Ia 4500 |
| 001 |
in00002651221 |
| 006 |
m d |
| 007 |
cr cn||||||||| |
| 008 |
100708s2010 mdu ob 000 0 eng d |
| 005 |
20250816222952.1 |
| 010 |
|
|
|z 2010028869
|
| 020 |
|
|
|z 9781607099994 (cloth : alk. paper)
|
| 020 |
|
|
|z 9781610480000 (pbk. : alk. paper)
|
| 020 |
|
|
|z 9781610480017 (electronic)
|
| 035 |
|
|
|a (CaPaEBR)ebr10435050
|
| 035 |
|
|
|a (OCoLC)694791338
|
| 040 |
|
|
|a CaPaEBR
|c CaPaEBR
|d UtOrBLW
|
| 050 |
1 |
4 |
|a LC4031
|b .M27 2010eb
|
| 082 |
0 |
4 |
|a 371.9/0473
|2 22
|
| 100 |
1 |
|
|a Mahanay-Castro, Christy,
|d 1963-
|
| 245 |
1 |
0 |
|a Building transitional programs for students with disabilities :
|b how to navigate the course of their lives /
|c Christy Mahanay-Castro.
|
| 264 |
|
1 |
|a Lanham, MD :
|b Lexington Books,
|c [2010]
|
| 264 |
|
4 |
|c ©2010
|
| 300 |
|
|
|a vii, 125 pages
|
| 336 |
|
|
|a text
|b txt
|2 rdacontent
|
| 337 |
|
|
|a computer
|b c
|2 rdamedia
|
| 338 |
|
|
|a online resource
|b cr
|2 rdacarrier
|
| 504 |
|
|
|a Includes bibliographical references.
|
| 533 |
|
|
|a Electronic reproduction.
|b Palo Alto, Calif. :
|c ebrary,
|d 2011.
|n Available via World Wide Web.
|n Access may be limited to ebrary affiliated libraries.
|
| 500 |
|
|
|a Electronic resource.
|
| 650 |
|
0 |
|a Students with disabilities
|x Education (Secondary)
|z United States.
|
| 650 |
|
0 |
|a Education, Secondary
|x Curricula
|z United States.
|
| 650 |
|
0 |
|a Special education
|z United States.
|
| 655 |
|
7 |
|a Electronic books.
|2 local
|
| 710 |
2 |
|
|a ebrary, Inc.
|
| 856 |
4 |
0 |
|u https://ebookcentral.proquest.com/lib/tamucs/detail.action?docID=634235
|y Connect to the full text of this electronic book
|t 0
|
| 980 |
|
|
|a 110222
|b 19.95
|c USD
|e 29.93
|f YBP_EBR0000013001
|g 1
|
| 999 |
f |
f |
|s f1bc15f6-d399-301f-aa9f-52c41455c057
|i 48a94b70-9068-3fb7-b7ef-893c03f947b5
|t 0
|
| 999 |
|
|
|a MARS
|
| 952 |
f |
f |
|a Texas A&M University
|b College Station
|c Electronic Resources
|d Available Online
|t 0
|e LC4031 .M27 2010eb
|h Library of Congress classification
|
| 998 |
f |
f |
|a LC4031 .M27 2010eb
|t 0
|l Available Online
|